000 00293nam a22001337a 4500
008 170315b xxu||||| |||| 00| 0 eng d
020 _a9780073440132
041 _aeng
080 _64 ED
_a511
100 _a7
101 _aSHM
245 _aANATOMY PHYSIOLOGY
_cSALADIN ,K,S
942 _2udc
_cBK
999 _c7834
_d7834